000 00767nam a2200193 4500
001 342
005 20230411085955.0
008 060907n1993 dr spa
035 _9funglode343
041 _aEN
100 _aGarcía-Barrios, Raúl
245 1 4 _aThe constructions of over and under-population :
_bsome critical reinterpretation of the population problem /
_cRaúl García-Barrios & Peter Taylor
260 _aMéxico :
_bCentro de Investigación y Docencia Económicas,
_c1993
300 _a33 p. / 22 cm
440 _aDocumentos de trabajo. Economía ;
_v10
520 _aThe social dynamics of population and environmental degradation, 9. -- Moral - technocratic environmental discourse, 24
700 _aTaylor, Peter
942 _2lcc
_cbk
999 _c110278
_d110278